The African church in the communications era. (Record no. 5060)
[ view plain ]
| 000 -LEADER | |
|---|---|
| fixed length control field | 00827nam a22002412 4500 |
| 001 - CONTROL NUMBER | |
| control field | 0000001067 |
| 005 - DATE AND TIME OF LATEST TRANSACTION | |
| control field | 20151217151804.0 |
| 008 - FIXED-LENGTH DATA ELEMENTS--GENERAL INFORMATION | |
| fixed length control field | 070223s xx 000 0 eng d |
| 020 ## - INTERNATIONAL STANDARD BOOK NUMBER | |
| International Standard Book Number | 996621027X : |
| Terms of availability | KES 208 |
| 040 ## - CATALOGING SOURCE | |
| Original cataloging agency | KABU |
| Transcribing agency | KABU |
| 050 #0 - LIBRARY OF CONGRESS CALL NUMBER | |
| Classification number | BV4319 |
| Item number | .A37 1992 |
| 245 14 - TITLE STATEMENT | |
| Title | The African church in the communications era. |
| 260 ## - PUBLICATION, DISTRIBUTION, ETC. (IMPRINT) | |
| Place of publication, distribution, etc. | Nairobi : |
| Name of publisher, distributor, etc. | St. Paul Publications - Africa, |
| Date of publication, distribution, etc. | 1992. |
| 300 ## - PHYSICAL DESCRIPTION | |
| Extent | 160 p. ; |
| Dimensions | 21 cm. |
| 650 #0 - SUBJECT ADDED ENTRY--TOPICAL TERM | |
| Topical term or geographic name as entry element | Communication |
| General subdivision | Religious aspects |
| -- | Christianity. |
| -- | 0000149580 |
| 650 #0 - SUBJECT ADDED ENTRY--TOPICAL TERM | |
| Topical term or geographic name as entry element | Communication |
| Geographic subdivision | Africa. |
| -- | 0000149581 |
| 700 1# - ADDED ENTRY--PERSONAL NAME | |
| Personal name | Phillipart, Michael. |
| -- | 0000149582 |
| 908 ## - PUT COMMAND PARAMETER (RLIN) | |
| Put command parameter | 070223 |
| 950 ## - LOCAL HOLDINGS (RLIN) | |
| -- | 1 |
| Withdrawn status | Lost status | Source of classification or shelving scheme | Not for loan | Home library | Current library | Date acquired | Total Checkouts | Full call number | Barcode | Date last seen | Price effective from | Koha item type |
|---|---|---|---|---|---|---|---|---|---|---|---|---|
| Library of Congress Classification | Kabarak, Main Campus | Kabarak, Main Campus | 17/12/2015 | BV4319 .A37 1992 | 000644 | 17/12/2015 | 17/12/2015 | General Collection | ||||
| Library of Congress Classification | Kabarak, Main Campus | Kabarak, Main Campus | 17/12/2015 | BV4319 .A37 1992 | 000645 | 17/12/2015 | 17/12/2015 | General Collection | ||||
| Library of Congress Classification | Kabarak, Main Campus | Kabarak, Main Campus | 17/12/2015 | BV4319 .A37 1992 | 000640 | 17/12/2015 | 17/12/2015 | General Collection |